| 000 | 00979nam a2200313 a 4500 | ||
|---|---|---|---|
| 001 | vtls000183915 | ||
| 003 | NLI | ||
| 005 | 20210602111252.0 | ||
| 008 | 101125s2006 gw m 001 0 eng | ||
| 020 |
_a9783540325185 : _cUSD 79.95 |
||
| 039 | 9 |
_y201011252215 _zVLOAD |
|
| 040 |
_aNLI _beng _cDatasoft 1 _eAACR2 |
||
| 041 | 0 | _aeng | |
| 044 | _agw | ||
| 082 | 0 | 4 | _a332.414 |
| 100 | 1 |
_aKoh, Jae-myong _9359424 |
|
| 245 | 1 | 0 |
_aSuppressing terrorist financing and money laundering / _cJae-myong Koh |
| 260 |
_aBerlin : _bSpringer, _c2006 |
||
| 300 |
_axv, 243 p. ; _c25 cm. |
||
| 500 | _aRevised thesis (Ph. D.--University of Edinburgh) | ||
| 500 | _aIncludes index | ||
| 650 | 0 |
_aTerrorism _xFinance _xPrevention _xInternational cooperation _9359425 |
|
| 650 | 0 |
_aMoney laundering _xPrevention _9359426 |
|
| 887 | _a | ||
| 901 |
_a555337 _b21.02.2007 |
||
| 902 | _aE 332.414 K 823 | ||
| 942 |
_2ddc _cBKS |
||
| 949 |
_AVIRTUAITEM _D10000 _X100 _6PUR000555337ENG |
||
| 999 |
_aVIRTUA40 _c190818 _d190818 |
||